| 000 | 01513cam a22004454i 4500 | ||
|---|---|---|---|
| 003 | PE-LiUPU | ||
| 005 | 20250731173441.0 | ||
| 008 | 150616s r 000 0 d | ||
| 035 | _a(Sirsi) a5701 | ||
| 040 |
_aPE-LiUPU _bspa _cPE-LiUPU _erda |
||
| 049 | _aPRUA | ||
| 082 | 0 | 4 |
_a262.91 _bS83 _221 |
| 100 | 1 |
_aStraubinger, Juan, _eautor. |
|
| 245 | 1 | 3 |
_aLa Iglesia y la Biblia / _cJuan Straubinger. |
| 264 | 1 |
_aBuenos Aires : _bEditorial Guadalupe, _c1944. |
|
| 300 |
_a279 páginas : _bIlustraciones ; _c16 cm. |
||
| 336 |
_atext _2rdacontent |
||
| 337 |
_aunmediated _2rdamedia |
||
| 338 |
_avolume _2rdacarrier |
||
| 505 | 0 | _aEncíclica "Divino afflante spiritu".- Parte práctica de la encíclica "Spiritus Paraclitus".- Decreto de la sagrada congregación. | |
| 526 | _aSEG42 | ||
| 526 | _aSEG41 | ||
| 526 | _aSEG40 | ||
| 526 | _aSEG39 | ||
| 526 | _aP94 | ||
| 526 | _aP87 | ||
| 526 | _aP86 | ||
| 526 | _aP85 | ||
| 526 | _aP77 | ||
| 526 | _aP76 | ||
| 526 | _aP35 | ||
| 600 | 1 | _aPío XII (Papa) | |
| 910 |
_ajck _bjvq _cjck |
||
| 942 |
_2ddc _cBOOK |
||
| 949 |
_a262.91 S83 _wDEWEY _c1 _i39353 _lCCODEBUL1 _mBUL _p00.00 _r0 _sY _tBOOK _u19951001 _xTEOLOGIA _zUNKNOWN _0COMPRA _o.STAFF. Colección General |
||
| 994 |
_aC0 _bPEPRU |
||
| 596 | _a1 | ||
| 999 |
_a262.91 S83 _wDEWEY _c56759 _i39353 _f2021-11-12 _g5 _lCCODEBUL1 _mBUL _r0 _sY _tBOOK _u2015-6-16 _xTEOLOGIA _zUNKNOWN _0COMPRA _o.STAFF. Colección General _d56759 |
||
| 980 |
_81 _gALBERTO SANCHEZ Responsable de Automatización |
||